| 000 | 01617nam1a22003251i 4500 | ||
|---|---|---|---|
| 001 | v19\rc\1445515 | ||
| 005 | 20260406192011.0 | ||
| 035 | _a(NLR Aleph) 004587517 | ||
| 090 |
_a2612808 _c2612808 |
||
| 100 | _a20060620g18721878|||y0rusy50 ca | ||
| 101 | 0 | _arus | |
| 102 | _aRU | ||
| 105 | _a i ||||| | ||
| 200 | 1 |
_aТруды Этнографическо-статистической экспедиции в Западно-русский край, снаряженной Русским географическим обществом _eЮго-зап. отдел _eМатериалы и исслед., собр. д. чл. П.П. Чубинским. Т. 1-7 |
|
| 210 |
_aСанкт-Петербург _d1872-1878 |
||
| 215 |
_a9 т. _d26 |
||
| 300 | _aТ. 1, 2, 6 и 7 изд. под наблюдением П.А. Гальтебрандта; т. 3-5: под наблюдением Н.И. Костомарова | ||
| 702 | 1 |
_aЧубинский _bП.П. _f1839-1884 _gПавел Платонович _4220 |
|
| 710 | 0 | 2 |
_aРусское географическое общество _bЭтнографическо-статистическая экспедиция в Западно-русский край _f1870 _3RU\NLR\AUTH\889954385 _9404732 |
| 801 | 0 |
_aRU _bNLR _gpsbo |
|
| 801 | 0 |
_aRU _bRuMoRGB _2psbo |
|
| 801 | 1 |
_aRU _bProSoft-M _2rusmarc |
|
| 852 |
_aNLR _jШифры разные |
||
| 899 |
_aRuMoRGB _jU 126/2030 |
||
| 899 |
_aRuMoRGB _jJ 28/11 |
||
| 899 |
_aRuMoRGB _jW 464/18 |
||
| 899 | _aБАН (без указ.) | ||
| 899 | _aНБ СПбГУ (2-7, без указ.) | ||
| 899 | _aНБ МГУ | ||
| 942 | _cBOOK | ||